| 000 | 01030cam a22003013i 4500 | ||
|---|---|---|---|
| 001 | 2190 | ||
| 005 | 20241210141342.0 | ||
| 020 | _a9780816735754 | ||
| 020 | _a051487035757 | ||
| 020 | _a0816735751 | ||
| 040 |
_aAZT _cAZT _dOCL _dBTCTA _dBAKER _dVYG _dMM3 _dOCLCO _dDLC _beng |
||
| 050 | 0 | 0 | _aCPB Box no. 14 vol. 20 |
| 082 | _a813 | ||
| 100 | 1 | _aMeyers, Susan | |
| 245 | 1 | 0 |
_aBeautiful Brittany / _cSusan Meyers. Can being fashion models spell disaster? |
| 250 | _aThis edition published in 2002 | ||
| 260 |
_aPlace of Publication not identified : _bTroll Associates, _c1995 |
||
| 300 |
_a121 pages : _c19 cm |
||
| 490 | 1 | _aAlways Friends Club | |
| 500 | _a"Little rainbow." | ||
| 505 | _aQ | ||
| 520 | _aIf Brittany is chosen as a model for the new fashion catalog and Meg is left out, will it mean the end of the Always Friends Club? | ||
| 521 |
_a900 _bLexile estimate |
||
| 521 |
_aQ _bRaz-Plus |
||
| 655 | 7 |
_aYoung adult fiction. _2lcsh |
|
| 906 |
_a7 _bcbc _ccopycat _d2 _encip _f20 _gy-genrareb |
||
| 942 |
_2ddc _cBK _n0 |
||
| 999 |
_c2190 _d2190 |
||